000 00618nam a2200181Ia 4500
003 IN-BaIIA
008 211028s9999 xx s 000 0 eng d
020 _a9781510628335 (Print)
020 _a9781510628342 (Online)
040 _cIIA Library
100 _aHasan, Tayyaba, ed.
_941211
245 0 _a17th International Photodynamic Association World Congress
_h[eBook]
260 _aWashington, USA
_bSPIE
_c2019
300 _aOnline resource
490 _aProceedings of SPIE; V. 11070
856 _uhttps://www.spiedigitallibrary.org/conference-proceedings-of-spie/11070
_yClick Here to Access eBook
942 _cEB
999 _c22584
_d22584